ბათუმის შოთა რუსთაველის სახელმწიფო უნივერსიტეტის ბიბლიოთეკა

Обыкновенные дифференциальные уравнения. (ბიბ.ჩანაწერი № 47952)

000 -LEADER
fixed length control field 00661nam a2200205Ia 4500
001 - CONTROL NUMBER
control field 14829
003 - CONTROL NUMBER IDENTIFIER
control field GE_BSU
008 - FIXED-LENGTH DATA ELEMENTS--GENERAL INFORMATION
fixed length control field 181216s||||||||xx |||||||||||||| ||und||
040 ## - CATALOGING SOURCE
Transcribing agency GE_BSU
080 ## - UNIVERSAL DECIMAL CLASSIFICATION NUMBER
Universal Decimal Classification number 517.91(075.8)
100 ## - MAIN ENTRY--PERSONAL NAME
Personal name Арнольд, В.И.
245 ## - TITLE STATEMENT
Title Обыкновенные дифференциальные уравнения.
245 ## - TITLE STATEMENT
Remainder of title Учевное пособие для студ. механ.-мат.спец. Вузов.
260 ## - PUBLICATION, DISTRIBUTION, ETC.
Place of publication, distribution, etc. Москва
260 ## - PUBLICATION, DISTRIBUTION, ETC.
Name of publisher, distributor, etc. Наука.
260 ## - PUBLICATION, DISTRIBUTION, ETC.
Date of publication, distribution, etc. 1971.
300 ## - PHYSICAL DESCRIPTION
Extent 239стр.22см.
653 ## - INDEX TERM--UNCONTROLLED
Uncontrolled term Обыкновенные дифференциальные уравнения.
942 ## - ADDED ENTRY ELEMENTS (KOHA)
Koha item type წიგნი
ეგზემპლარები
Withdrawn status Lost status Damaged status Not for loan Date acquired Barcode Date last seen Price effective from Koha item type
        2018-12-17 15361 2018-12-17 2018-12-17 წიგნი
        2018-12-17 15880 2018-12-17 2018-12-17 წიგნი
        2018-12-17 17030 2018-12-17 2018-12-17 წიგნი